000 01984nam a22002657a 4500
005 20141204083337.0
008 120914s2014 ck gr 00010 spa d
020 _a9789587493522
040 _cCO-BoIH
041 _aspa
044 _ack
082 0 4 _a349.861
_bR69c
100 1 _aRodríguez, Gloria Amparo
_921924
245 1 6 _aDe la consulta previa al consentimiento libre, previo e informado a pueblos indígenas en Colombia
_cGloria Amparo Rodríguez
260 _aBogotá :
_bUniversidad del Rosario,
_bCooperación Alemana,
_bGiz,
_c2014.
300 _a308 p.
_bfot. (col), tablas
_c24 cm.
490 _aColección Diversidad Étnica y Cultural
_v1
505 _a1. El derecho fundamental a la consulta previa 2. Criterios mínimos que guían una consulta adecuada 3. El derecho a la consulta previa conforma el bloque de constitucionalidad 4. Fundamentos constitucionales y legales 5. Aplicación de la consulta previa 6. Ambito temático o casos en los que es obligatoria la consulta previa 7. Implementación de la consulta previa 8. Análisis de las consultas previas efectuadas en los procesos de licenciamiento ambiental 9. El interés general vs. el interés particular en los conflictos ambientales la consulta previa 10. Limitaciones de la consulta previa 11. La judicialización de los conflictos ambientales 12. Asuntos pro resolver en materias de consulta previa 13. El dilema de la reglamentación de la consulta previa 14. De la consulta previa al consentimiento libre, previo e informado. 15. Estado de cosas inconstitucional en materia de consulta previa 16. Conclusiones y recomendaciones
650 4 _aIndígenas de Colombia
_x Legislación
_929683
650 4 _aDerechos humanos
_z Colombia
_929684
650 4 _aDerechos de los indígenas
_z Colombia
_v Jurisprudencia
_929685
650 4 _aJurisprudencia etnológica
_z Colombia
_929686
650 4 _aConsulta previa
_x Legislación
_z Colombia
_929687
942 _2ddc
_cLIBRO
999 _c8684
_d8684